Catálogo
 En Linea

Histroia y estructura : (Registro nro. 35632)

Detalles MARC
000 -CABECERA
campo de control de longitud fija 00843nam a2200229 u 4500
001 - NÚMERO DE CONTROL
campo de control 000036141
005 - FECHA Y HORA DE LA ÚLTIMA TRANSACCIÓN
campo de control 20200930074920.0
008 - DATOS DE LONGITUD FIJA--INFORMACIÓN GENERAL
campo de control de longitud fija 111219s1973 sp r 000 0 spa d
020 ## - NÚMERO INTERNACIONAL ESTÁNDAR DEL LIBRO
Número Internacional Estándar del Libro 8470530860
040 ## - FUENTE DE LA CATALOGACIÓN
Centro catalogador/agencia de origen DO-SdBNP
Lengua de catalogación spa
Centro/agencia transcriptor BNPHU
082 ## - NÚMERO DE LA CLASIFICACIÓN DECIMAL DEWEY
Número de clasificación xxxx
Número de documento/Ítem S349
100 1# - ENTRADA PRINCIPAL--NOMBRE DE PERSONA
Nombre de persona Schmidt, Alfred
9 (RLIN) 62177
240 10 - TÍTULO UNIFORME
Título uniforme Geschichte und struktur
Lenguaje de la obra español
245 10 - MENCIÓN DE TÍTULO
Título Histroia y estructura :
Resto del título crítica del estructuralismo marxista /
Mención de responsabilidad, etc. Alfres Schmidt ; traducción Gustavo Muñoz ; revición y notas: Jacobo Muñoz.
260 ## - PUBLICACIÓN, DISTRIBUCIÓN, ETC.
Lugar de publicación, distribución, etc. Madrid :
Nombre del editor, distribuidor, etc. Plaza Mayor,
Fecha de publicación, distribución, etc. [1973].
300 ## - DESCRIPCIÓN FÍSICA
Extensión 161 p. ;
Dimensiones 21 cm.
490 1# - MENCIÓN DE SERIE
Mención de serie Serie B
Designación de volumen o secuencia 27, comunicación
590 ## - NOTA LOCAL (RLIN)
Nota local Perteneció a la biblioteca personal de Juan Isidro Jimenes Grullón
700 1# - PUNTO DE ACCESO ADICIONAL--NOMBRE DE PERSONA
Nombre de persona Muñoz, Gustavo,
Término indicativo de función/relación tr.
9 (RLIN) 51638
710 1# - PUNTO DE ACCESO ADICIONAL--NOMBRE DE ENTIDAD CORPORATIVA
Nombre de entidad corporativa o nombre de jurisdicción como elemento de entrada Muñoz, Jacobo
9 (RLIN) 62178
830 #0 - PUNTO DE ACCESO ADICIONAL DE SERIE-TÍTULO UNIFORME
Título uniforme Serie B
Designación de volumen o secuencia 27, comunicación
9 (RLIN) 62179
Existencias
Estado de retiro Estado de pérdida Restricciones de uso No para préstamo Código de colección Localización permanente Ubicación/localización actual Ubicación en estantería Fecha de adquisición Número de inventario Total de préstamos Signatura topográfica completa Código de barras Fecha visto por última vez Precio válido a partir de Tipo de ítem Koha Nota pública
      Excluido de préstamo Monografías: Libros y Folletos General General En catalogación 19.12.2011 LF1   xxxx S349 36141-10 25.06.2020 25.06.2020 No se presta Perteneció a la biblioteca personal de Juan Isidro Jimenes Grullón

Con tecnología Koha